| Tag |
First Indicator |
Second Indicator |
Subfields |
| LEADER |
00000cas a2200000 a 4500 |
| 001 |
in00000034683 |
| 005 |
20160915094641.0 |
| 008 |
760620d18981930wiugr s s0 0eng |
| 010 |
|
|
|a gs 05001114
|
| 035 |
|
|
|a (OCoLC)ocm02253942
|
| 035 |
|
|
|a (OCoLC)02253942
|
| 035 |
|
|
|9 AAD3695AM
|
| 040 |
|
|
|a DLC
|b eng
|c MUL
|d DLC
|d NST
|d OCL
|d OCLCQ
|d OCLCF
|d OCLCO
|
| 029 |
1 |
|
|a AU@
|b 000025718441
|
| 042 |
|
|
|a pcc
|
| 043 |
|
|
|a n-us-wi
|
| 050 |
0 |
0 |
|a QE179.A3
|
| 090 |
|
|
|a QE179
|b .W53
|
| 092 |
|
|
|a 557
|b W811a
|
| 049 |
|
|
|a TXAM
|
| 110 |
2 |
|
|a Geological and Natural History Survey (Wis.)
|
| 245 |
1 |
0 |
|a Biennial report of the commissioners of the Geological and Natural History Survey.
|
| 246 |
3 |
0 |
|a Biennial report
|
| 264 |
|
1 |
|a Madison :
|b The Survey,
|c 1898-1930.
|
| 300 |
|
|
|a v. :
|b maps ;
|c 23 cm.
|
| 310 |
|
|
|a Biennial
|
| 336 |
|
|
|a text
|b txt
|2 rdacontent
|
| 337 |
|
|
|a unmediated
|b n
|2 rdamedia
|
| 338 |
|
|
|a volume
|b nc
|2 rdacarrier
|
| 362 |
0 |
|
|a 1st; 2nd (Oct. 1, 1898 to Sept. 30, 1900)-17th (July 1, 1928 to June 30, 1930).
|
| 650 |
|
0 |
|a Geology
|x Research
|z Wisconsin
|v Periodicals.
|
| 650 |
|
0 |
|a Natural history
|x Research
|z Wisconsin
|v Periodicals.
|
| 610 |
2 |
0 |
|a Geological and Natural History Survey (Wis.)
|v Periodicals.
|
| 650 |
|
0 |
|a Geology
|z Wisconsin
|v Periodicals.
|
| 610 |
2 |
7 |
|a Geological and Natural History Survey (Wis.)
|2 fast
|0 (OCoLC)fst00670922
|
| 650 |
|
7 |
|a Geology.
|2 fast
|0 (OCoLC)fst00940627
|
| 650 |
|
7 |
|a Geology
|x Research.
|2 fast
|0 (OCoLC)fst00940685
|
| 650 |
|
7 |
|a Natural history
|x Research.
|2 fast
|0 (OCoLC)fst01034307
|
| 651 |
|
7 |
|a Wisconsin.
|2 fast
|0 (OCoLC)fst01204595
|
| 655 |
|
7 |
|a Periodicals.
|2 fast
|0 (OCoLC)fst01411641
|
| 776 |
0 |
8 |
|i Online version:
|a Geological and Natural History Survey (Wis.)
|t Biennial report of the commissioners of the Geological and Natural History Survey
|w (OCoLC)919741100
|
| 785 |
0 |
0 |
|a Wisconsin Geological and Natural History Survey.
|t Biennial report of the Wisconsin Geological and Natural History Survey, covering the period from ...
|w (DLC) 91650920
|w (OCoLC)24228074
|
| 850 |
|
|
|a DLC
|a NcD
|
| 994 |
|
|
|a C0
|b TXA
|
| 949 |
|
|
|a updated
|b h
|c 2016/9/9
|e coplinger
|f 2:56:28 pm
|
| 999 |
f |
f |
|s 81e88111-6737-3940-9224-e54304afae66
|i 2db8c6f1-30a9-3e2a-acd8-fb896634b6cc
|t 0
|
| 952 |
f |
f |
|p storage
|a Texas A&M University
|b J.J. Pickle Campus
|c High Density Repository
|d Remote Storage
|t 0
|e QE179 .W53
|h Library of Congress classification
|i unmediated -- volume
|k 1st-9th
|l 1898-1912/1914
|m A14843651846
|
| 998 |
f |
f |
|a QE179 .W53
|s 1st-9th (1898-1912/1914)
|t 0
|l Remote Storage
|